[Event "Kolkata Open"]
[Site "Kolkata IND"]
[Date "2012.12.04"]
[EventDate "2012.12.03"]
[Round "2"]
[Result "1/2-1/2"]
[White "Akash G"]
[Black "Vidit Santosh Gujrathi"]
[WhiteElo "2404"]
[BlackElo "2527"]
[PlyCount "109"]

1. e4 c6 2. d4 d5 3. Nc3 dxe4 4. Nxe4 Bf5 5. Ng3 Bg6 6. h4 h6
7. Nf3 Nd7 8. h5 Bh7 9. Bd3 Bxd3 10. Qxd3 e6 11. Bd2 Ngf6
12. O-O-O Be7 13. Kb1 O-O 14. Ne4 Nxe4 15. Qxe4 Nf6 16. Qe2
Qd5 17. Ne5 Qe4 18. Qxe4 Nxe4 19. Be1 Rfd8 20. f3 Nf6 21. Bf2
Nd7 22. Nd3 b5 23. b3 a5 24. Ne5 Rac8 25. g4 Nb6 26. c4 bxc4
27. Be1 Bb4 28. Nxc4 Nxc4 29. bxc4 Rb8 30. Kc2 Bxe1 31. Rhxe1
Rb4 32. Kd3 Ra4 33. Re5 Rxa2 34. Rc5 Rb8 35. Ke3 Rb6 36. Rd3
Kh7 37. d5 cxd5 38. cxd5 exd5 39. Rcxd5 a4 40. Ra5 Rb3 41. Ra7
Kg8 42. Ra8+ Kh7 43. Ra7 f6 44. Rxb3 axb3 45. Rb7 b2 46. Rb8
Ra3+ 47. Ke4 Ra4+ 48. Kf5 Ra5+ 49. Kf4 Ra4+ 50. Kf5 Ra5+
51. Kf4 Ra2 52. Kf5 Ra5+ 53. Kf4 Ra4+ 54. Kf5 Ra5+ 55. Kf4
1/2-1/2

[Event "Kolkata Open"]
[Site "Kolkata IND"]
[Date "2012.12.05"]
[EventDate "2012.12.03"]
[Round "3"]
[Result "1-0"]
[White "Vidit Santosh Gujrathi"]
[Black "Dinesh Sharma"]
[WhiteElo "2527"]
[BlackElo "2387"]
[PlyCount "63"]

1. d4 Nf6 2. Nf3 g6 3. c4 Bg7 4. g3 d6 5. Bg2 O-O 6. Nc3 Nc6
7. O-O a6 8. Bf4 Rb8 9. c5 Nh5 10. Be3 e6 11. cxd6 Qxd6
12. Qd2 Rd8 13. Rfd1 b6 14. Bg5 f6 15. Bh6 Bb7 16. Bxg7 Nxg7
17. Rac1 Qe7 18. e4 Nxd4 19. Nxd4 c5 20. Qe3 cxd4 21. Rxd4
Rxd4 22. Qxd4 Qd8 23. Rd1 Qxd4 24. Rxd4 Ne8 25. Rd7 h5 26. Bh3
f5 27. Re7 Ng7 28. Bg2 Kf8 29. Rd7 Bc8 30. Ra7 e5 31. Nd5 a5
32. Ne7 1-0

[Event "Kolkata Open"]
[Site "Kolkata IND"]
[Date "2012.12.06"]
[EventDate "2012.12.03"]
[Round "4"]
[Result "0-1"]
[White "Srinath Narayanan"]
[Black "Vidit Santosh Gujrathi"]
[WhiteElo "2439"]
[BlackElo "2527"]
[PlyCount "84"]

1. e4 c6 2. d4 d5 3. e5 Bf5 4. Nf3 e6 5. Be2 Ne7 6. O-O h6
7. Nbd2 Nd7 8. Nb3 Bh7 9. a4 Ng6 10. a5 Be7 11. Re1 O-O 12. c4
a6 13. Bd2 dxc4 14. Bxc4 c5 15. Be3 cxd4 16. Qxd4 Qc7 17. Bd3
Rad8 18. Rac1 Qb8 19. Qc3 Rc8 20. Qd4 Rfd8 21. Rxc8 Qxc8
22. Rc1 Qb8 23. Qc3 Ngxe5 24. Nxe5 Qxe5 25. Bd4 Qh5 26. Bxh7+
Kxh7 27. Qg3 e5 28. Qd3+ f5 29. Ba7 Nc5 30. Qc2 Nd3 31. Rf1 e4
32. Bb6 Bd6 33. g3 Re8 34. Nd4 f4 35. Rd1 Kh8 36. Qe2 f3
37. Qf1 Nxb2 38. Re1 Nd3 39. Re3 Rc8 40. Nxf3 Rc1 41. Ne1 Bb4
42. Rxe4 Nxe1 0-1

[Event "Kolkata Open"]
[Site "Kolkata IND"]
[Date "2012.12.08"]
[EventDate "2012.12.03"]
[Round "6"]
[Result "1/2-1/2"]
[White "Sethuraman P Sethuraman"]
[Black "Vidit Santosh Gujrathi"]
[WhiteElo "2520"]
[BlackElo "2527"]
[PlyCount "88"]

1. e4 c6 2. d4 d5 3. Nc3 dxe4 4. Nxe4 Bf5 5. Ng3 Bg6 6. Nh3 e6
7. Nf4 Qh4 8. Be3 Bb4+ 9. c3 Bd6 10. Qd2 Bxf4 11. Bxf4 h6
12. Bc4 Nf6 13. O-O O-O 14. Ne2 Nbd7 15. Bb3 Rfe8 16. f3 Rad8
17. Bc7 Rc8 18. Bd6 Qg5 19. Rad1 Qxd2 20. Rxd2 Nb6 21. Nf4 Bh7
22. Re1 Rcd8 23. Bc7 Rc8 24. Be5 Nfd7 25. Bd6 c5 26. dxc5 Nxc5
27. Red1 Nxb3 28. axb3 Nd5 29. Nxd5 exd5 30. Rxd5 Re2 31. Ba3
Rce8 32. Rd8 Bf5 33. R1d5 Bc8 34. Rd2 Re6 35. Bc5 a6 36. Kf2
f6 37. g4 Kf7 38. c4 Rxd8 39. Rxd8 Re8 40. Rd5 Be6 41. Rd6 h5
42. gxh5 Rh8 43. Bd4 Rxh5 44. Rd8 b5 1/2-1/2

[Event "Kolkata Open"]
[Site "Kolkata IND"]
[Date "2012.12.11"]
[EventDate "2012.12.03"]
[Round "9"]
[Result "1/2-1/2"]
[White "Vidit Santosh Gujrathi"]
[Black "Viorel Iordachescu"]
[WhiteElo "2527"]
[BlackElo "2619"]
[PlyCount "28"]

1. d4 Nf6 2. c4 e6 3. Nc3 Bb4 4. e3 O-O 5. Ne2 d5 6. a3 Bd6
7. Ng3 c5 8. dxc5 Bxc5 9. cxd5 exd5 10. Bd3 Bg4 11. Nce2 Nc6
12. b4 Bd6 13. Bb2 Re8 14. O-O a5 1/2-1/2

[Event "Kolkata Open"]
[Site "Kolkata IND"]
[Date "2012.12.13"]
[EventDate "2012.12.03"]
[Round "11.2"]
[Result "1/2-1/2"]
[White "Vidit Santosh Gujrathi"]
[Black "Ni Hua"]
[WhiteElo "2527"]
[BlackElo "2660"]
[PlyCount "44"]

1. d4 d5 2. c4 c6 3. Nc3 a6 4. Nf3 Nf6 5. b3 b5 6. e3 Bg4
7. Be2 e6 8. O-O Nbd7 9. Bb2 Be7 10. h3 Bf5 11. Bd3 Bxd3
12. Qxd3 Qb8 13. cxd5 cxd5 14. Rfc1 O-O 15. Rc2 Rc8 16. Rac1
Qb7 17. Qd1 Rc7 18. Ne1 Rac8 19. Nd3 a5 20. f3 Bd6 21. Ne2 Kf8
22. Kf2 Rxc2 1/2-1/2

[Event "Moscow Open"]
[Site "Moscow RUS"]
[Date "2013.02.04"]
[EventDate "2013.02.02"]
[Round "3.14"]
[Result "1/2-1/2"]
[White "Alexander Hernandez"]
[Black "Vidit Santosh Gujrathi"]
[WhiteElo "2266"]
[BlackElo "2546"]
[PlyCount "85"]

1. e4 c6 2. d4 d5 3. exd5 cxd5 4. Bd3 Nc6 5. c3 Qc7 6. h3 Nf6
7. Nf3 g6 8. O-O Bg7 9. Re1 O-O 10. Bg5 Bf5 11. Bxf5 gxf5
12. Bxf6 Bxf6 13. Qd3 e6 14. Nbd2 Kh8 15. Nf1 Rg8 16. Ng3 Rg6
17. Nh5 Rag8 18. Nxf6 Rxf6 19. Ne5 Nxe5 20. Rxe5 Rfg6 21. Qf3
Qd8 22. g3 Qg5 23. Kf1 Rh6 24. Kg2 Qh4 25. Rh1 f4 26. g4 f5
27. Kf1 fxg4 28. Qxf4 g3 29. Qxh4 g2+ 30. Ke2 Rxh4 31. Rg1
Rxh3 32. f4 Rg6 33. f5 exf5 34. Rxf5 Rb6 35. b3 Ra6 36. a4 Rg6
37. Rf3 Rxf3 38. Kxf3 Kg7 39. a5 Kf6 40. Rxg2 Rxg2 41. Kxg2 b5
42. axb6 axb6 43. c4 1/2-1/2

[Event "Moscow Open"]
[Site "Moscow RUS"]
[Date "2013.02.06"]
[EventDate "2013.02.02"]
[Round "5.7"]
[Result "1-0"]
[White "Pavel Maletin"]
[Black "Vidit Santosh Gujrathi"]
[WhiteElo "2571"]
[BlackElo "2546"]
[PlyCount "47"]

1. c4 c5 2. Nf3 Nc6 3. Nc3 g6 4. g3 Bg7 5. Bg2 b6 6. O-O Bb7
7. e3 Bxc3 8. bxc3 f5 9. e4 fxe4 10. Ng5 Nf6 11. Nxe4 Nxe4
12. Bxe4 Qc7 13. Re1 Na5 14. Qg4 O-O-O 15. d4 Bxe4 16. Rxe4
cxd4 17. cxd4 Qxc4 18. Bf4 h5 19. Qd1 Kb7 20. Rc1 Qxa2
21. Rc7+ Ka8 22. Rxe7 Qd5 23. Re5 Qb3 24. Rxa7+ 1-0

[Event "52nd National Challengers (National √¢‚"]
[Site "Indoor Stadium,Dharamshala,Hi"]
[Date "2014.05.15"]
[EventDate "2014.05.09"]
[Round "9.1"]
[Result "0-1"]
[White "Mishra Swayams"]
[Black "Vidit Santosh Gujrathi"]
[WhiteElo "2442"]
[BlackElo "2606"]
[PlyCount "60"]

1. d4 Nf6 2. c4 e6 3. Nc3 Bb4 4. e3 O-O 5. Nge2 c6 6. a3 Ba5
7. g3 d5 8. b4 Bc7 9. cxd5 cxd5 10. Bg2 Nbd7 11. O-O Nb6
12. e4 Nxe4 13. Nxe4 dxe4 14. Bxe4 Nd5 15. Qc2 h6 16. Nc3 Bb6
17. Rd1 Bd7 18. Nxd5 exd5 19. Bf3 Qf6 20. Bxd5 Bxd4 21. Ra2
Bg4 22. Re1 Rad8 23. Qe4 Rxd5 24. Qxd5 Be6 25. Rxe6 fxe6
26. Qg2 Rc8 27. Qf1 Qf3 28. Qe1 e5 29. Be3 Rc3 30. a4 Rxe3 0-1

[Event "Aeroflot Open"]
[Site "Moscow RUS"]
[Date "2015.04.03"]
[EventDate "2015.03.27"]
[Round "8.19"]
[Result "0-1"]
[White "Matthias Bluebaum"]
[Black "Vidit Santosh Gujrathi"]
[WhiteElo "2576"]
[BlackElo "2625"]
[PlyCount "66"]

1. d4 Nf6 2. c4 g6 3. Nc3 d5 4. cxd5 Nxd5 5. Bd2 Bg7 6. e4 Nb6
7. Be3 O-O 8. Qd2 e5 9. d5 c6 10. h4 cxd5 11. exd5 h5 12. Bg5
f6 13. Bh6 Bf5 14. f3 Na6 15. Bxg7 Kxg7 16. Be2 Qd7 17. O-O-O
Rac8 18. g4 hxg4 19. fxg4 Bxg4 20. Bxg4 Qxg4 21. Ne2 Nc4
22. Qe1 Nc5 23. Rg1 Qf5 24. Qg3 Ne4 25. Qd3 Ned6 26. Qg3 b5
27. a3 a5 28. Rdf1 Qh5 29. Qd3 Qh6+ 30. Kb1 Nd2+ 31. Ka2 Nxf1
32. Rxf1 Qxh4 33. Rg1 Qc4+ 0-1

[Event "Aeroflot Open"]
[Site "Moscow RUS"]
[Date "2015.04.04"]
[EventDate "2015.03.27"]
[Round "9.16"]
[Result "1/2-1/2"]
[White "Vidit Santosh Gujrathi"]
[Black "Hovhannes Gabuzyan"]
[WhiteElo "2625"]
[BlackElo "2553"]
[PlyCount "63"]

1. d4 Nf6 2. c4 g6 3. Nc3 Bg7 4. e4 O-O 5. f3 c5 6. dxc5 Na6
7. Be3 Qc7 8. Rc1 Nxc5 9. b4 Na6 10. a3 d6 11. Bd3 e6 12. Nge2
Qe7 13. O-O Nc7 14. Qd2 Rd8 15. Bg5 b6 16. f4 h6 17. Bh4 Bb7
18. Qe1 e5 19. fxe5 Qxe5 20. h3 Rd7 21. Bg3 Qe8 22. Nf4 Re7
23. Nfd5 Bxd5 24. cxd5 Nfxd5 25. Bxd6 Re6 26. Bxc7 Nxc3 27. e5
Nd5 28. Be4 Nxc7 29. Rxc7 Bxe5 30. Rcxf7 Rd8 31. Qh4 Rd7
32. Rxd7 1/2-1/2

[Event "Lake Sevan"]
[Site "Martuni ARM"]
[Date "2015.07.12"]
[EventDate "2015.07.12"]
[Round "1.2"]
[Result "1/2-1/2"]
[White "A R Saleh Salem"]
[Black "Vidit Santosh Gujrathi"]
[WhiteElo "2615"]
[BlackElo "2643"]
[PlyCount "35"]

1. d4 d5 2. c4 c6 3. Nf3 Nf6 4. Nc3 dxc4 5. a4 Bf5 6. Ne5 Nbd7
7. Nxc4 Nb6 8. Ne5 a5 9. g3 e6 10. Bg2 Bb4 11. O-O O-O 12. e3
h6 13. Qe2 Bh7 14. Rd1 Nbd7 15. Nc4 Nb6 16. Ne5 Nbd7 17. Nc4
Nb6 18. Ne5 1/2-1/2

[Event "Lake Sevan"]
[Site "Martuni ARM"]
[Date "2015.07.13"]
[EventDate "2015.07.12"]
[Round "2.2"]
[Result "1-0"]
[White "Vidit Santosh Gujrathi"]
[Black "Vladislav Artemiev"]
[WhiteElo "2643"]
[BlackElo "2660"]
[PlyCount "89"]

1. d4 Nf6 2. c4 g6 3. Nc3 d5 4. Nf3 Bg7 5. Qb3 dxc4 6. Qxc4
O-O 7. e4 Bg4 8. Be3 Nfd7 9. Qb3 Nb6 10. Rd1 Nc6 11. d5 Ne5
12. Be2 Nxf3+ 13. gxf3 Bh5 14. O-O Qc8 15. Nb5 Qh3 16. Bd4 Bh6
17. Be5 c6 18. dxc6 bxc6 19. Nd4 Rac8 20. Rfe1 c5 21. Bf1 Qh4
22. Bg3 Qg5 23. h4 Qf6 24. e5 Qg7 25. Nb5 c4 26. Qa3 c3
27. Nxc3 Bxf3 28. Rd4 e6 29. Qxa7 Nd5 30. Nxd5 Bxd5 31. Bg2
Ra8 32. Qe7 Rfe8 33. Qf6 Bxg2 34. Kxg2 Rxa2 35. b4 Qf8
36. Red1 Raa8 37. h5 Rab8 38. Qh4 Bg7 39. h6 Bh8 40. Rd6 f5
41. R1d4 Rb7 42. Bf4 Rb5 43. Qg3 Qe7 44. Rd7 Qf8 45. Qxg6+ 1-0

[Event "Lake Sevan"]
[Site "Martuni ARM"]
[Date "2015.07.14"]
[EventDate "2015.07.12"]
[Round "3.3"]
[Result "0-1"]
[White "Hovhannes Gabuzyan"]
[Black "Vidit Santosh Gujrathi"]
[WhiteElo "2589"]
[BlackElo "2643"]
[PlyCount "88"]

1. g3 d5 2. Bg2 e5 3. c4 dxc4 4. Qa4+ Bd7 5. Qxc4 Bc6 6. Nf3
Bd6 7. Nc3 Nf6 8. d3 O-O 9. O-O Nbd7 10. Bg5 a5 11. Rac1 Bxf3
12. Bxf3 c6 13. a3 h6 14. Be3 Qe7 15. Qh4 Rfd8 16. Kh1 Bc5
17. Bd2 Nf8 18. g4 Ne6 19. Qg3 Ng5 20. Bg2 Rd4 21. h3 Bd6
22. f3 Ne6 23. Qe1 Bc7 24. Ne4 Nd5 25. Rd1 Ndf4 26. Rg1 Rd5
27. Be3 Nd4 28. Bf1 Nc2 29. Qd2 Nxe3 30. Qxe3 Rad8 31. Qf2 Ne6
32. e3 Bb6 33. Re1 Nf4 34. g5 hxg5 35. Rxg5 Ne6 36. Rg2 g6
37. Qg3 Ng7 38. Ng5 Nf5 39. Qg4 Nxe3 40. Qh4 Qf6 41. Qh7+ Kf8
42. Qh4 Qf4 43. Qh6+ Ke7 44. Rge2 Nf5 0-1

[Event "Lake Sevan"]
[Site "Martuni ARM"]
[Date "2015.07.17"]
[EventDate "2015.07.12"]
[Round "6.2"]
[Result "0-1"]
[White "Vidit Santosh Gujrathi"]
[Black "Robert Hovhannisyan"]
[WhiteElo "2643"]
[BlackElo "2611"]
[PlyCount "42"]

1. d4 d5 2. c4 c6 3. Nf3 Nf6 4. Nc3 e6 5. Bg5 h6 6. Bh4 dxc4
7. e4 g5 8. Bg3 b5 9. Be2 b4 10. Na4 Nxe4 11. Be5 Nf6 12. Rc1
Bg7 13. Nc5 Nbd7 14. Nxd7 Qxd7 15. h4 g4 16. Nd2 Ba6 17. Bxg4
c3 18. bxc3 bxc3 19. Nb3 Qd5 20. Bf3 Qc4 21. Rh3 Qf1# 0-1

[Event "Lake Sevan"]
[Site "Martuni ARM"]
[Date "2015.07.18"]
[EventDate "2015.07.12"]
[Round "7.2"]
[Result "0-1"]
[White "Samvel Ter-Sahakyan"]
[Black "Vidit Santosh Gujrathi"]
[WhiteElo "2593"]
[BlackElo "2643"]
[PlyCount "104"]

1. e4 e6 2. d3 d5 3. Nd2 c5 4. Ngf3 Nc6 5. g3 Nf6 6. Bg2 Be7
7. O-O b6 8. Re1 Bb7 9. a3 Qc7 10. Qe2 h6 11. c3 O-O-O 12. b4
c4 13. dxc4 dxe4 14. Nxe4 Nxe4 15. Qxe4 Nxb4 16. Qxb7+ Qxb7
17. axb4 Qc7 18. Bf4 Bd6 19. Be3 Rd7 20. Nd2 Be5 21. Rec1 Rhd8
22. Nf3 Rd3 23. c5 Rxe3 24. fxe3 bxc5 25. b5 Bf6 26. Ra2 Rd3
27. Ra6 Rd6 28. Raa1 Kb8 29. Ra2 Qd7 30. Rcc2 Rb6 31. c4 Rd6
32. Kf2 Qc7 33. Nd2 Rd3 34. Ke2 Rc3 35. Ne4 Rxc2+ 36. Rxc2 Be5
37. Ra2 f5 38. Nf2 a5 39. bxa6 Ka7 40. Nd3 Bc3 41. Ra3 Bb4
42. Ra2 g5 43. Bb7 h5 44. Ra1 h4 45. Kf2 h3 46. Bf3 Qg7
47. Rc1 Kxa6 48. Be2 Kb6 49. Bf1 g4 50. Be2 Qb7 51. Nf4 Qe4
52. Rd1 Kc7 0-1

[Event "Lake Sevan"]
[Site "Martuni ARM"]
[Date "2015.07.19"]
[EventDate "2015.07.12"]
[Round "8.4"]
[Result "1-0"]
[White "Tigran Levonovich Petrosian"]
[Black "Vidit Santosh Gujrathi"]
[WhiteElo "2630"]
[BlackElo "2643"]
[PlyCount "85"]

1. Nf3 d5 2. g3 Nf6 3. Bg2 g6 4. c4 dxc4 5. Na3 Be6 6. Qc2 Bd5
7. Nxc4 Nc6 8. O-O Bg7 9. d3 Bxf3 10. exf3 Nd4 11. Qd1 O-O
12. f4 c6 13. Bd2 Nd5 14. Ba5 b6 15. Bd2 a5 16. a3 a4 17. Rb1
Nb3 18. h4 Qc7 19. Re1 Rad8 20. h5 b5 21. Ne5 c5 22. hxg6 hxg6
23. Qe2 e6 24. Rbd1 Rd6 25. Bh3 Rfd8 26. Kh2 Nd4 27. Qe4 Nf6
28. Qh1 Nb3 29. Bc3 Nd5 30. Bd2 Nxd2 31. Rxd2 Ne7 32. Rc2 Qb6
33. Qe4 Nf5 34. Bxf5 exf5 35. Qh1 Rd5 36. Rce2 Qd6 37. Kg1 Qc7
38. Nf3 f6 39. Nh4 Rxd3 40. Nxg6 Rd1 41. Ne7+ Kf8 42. Qh7
Rxe1+ 43. Rxe1 1-0

[Event "Lake Sevan"]
[Site "Martuni ARM"]
[Date "2015.07.20"]
[EventDate "2015.07.12"]
[Round "9"]
[Result "1-0"]
[White "Vidit Santosh Gujrathi"]
[Black "David Anton Guijarro"]
[WhiteElo "2643"]
[BlackElo "2626"]
[PlyCount "73"]

1. d4 f5 2. Nc3 Nf6 3. Bg5 d5 4. e3 e6 5. Nf3 a6 6. h3 Be7
7. Bd3 Nc6 8. a3 O-O 9. Ne2 Ne4 10. Bxe7 Qxe7 11. c4 g5
12. Rc1 Kh8 13. g3 dxc4 14. Rxc4 Nd6 15. Rc5 Bd7 16. Qc2 Qg7
17. h4 g4 18. Nd2 e5 19. dxe5 Nxe5 20. Nf4 Nxd3+ 21. Nxd3 b6
22. Rxc7 Nb5 23. Rb7 Rac8 24. Qb3 Nd6 25. Ra7 Nb5 26. Rxa6 Bc6
27. O-O Qb7 28. Ra4 Rfd8 29. Rf4 Be8 30. Nc4 Qd5 31. Nde5 Nd6
32. Rd4 Qg8 33. Rfd1 Bf7 34. Rxd6 Rxd6 35. Rxd6 Bxc4 36. Qc3
Qg7 37. Qxc4 1-0

[Event "World Blitz Championship"]
[Site "Berlin GER"]
[Date "2015.10.13"]
[EventDate "2015.10.13"]
[Round "2.76"]
[Result "1-0"]
[White "Johannes Carow"]
[Black "Vidit Santosh Gujrathi"]
[WhiteElo "2431"]
[BlackElo "2651"]
[PlyCount "71"]

1. d4 Nf6 2. Bg5 e6 3. Nd2 h6 4. Bh4 d5 5. e3 c5 6. c3 Nc6
7. f4 Be7 8. Bd3 Qb6 9. Rb1 h5 10. Ngf3 Ng4 11. Bxe7 Nxe7
12. Qe2 Nf5 13. Bxf5 exf5 14. h3 Nf6 15. Ne5 Bd7 16. b4 cxd4
17. Nxd7 Kxd7 18. cxd4 Rac8 19. Qd3 g6 20. O-O Ke7 21. Rfc1
Rhd8 22. Rc5 Nd7 23. Rxd5 Qc6 24. Ra5 Qc2 25. Qxc2 Rxc2
26. Nf3 Ra8 27. Ne5 b6 28. Ra3 Nf6 29. b5 Nd5 30. Nc6+ Kd6
31. Rbb3 f6 32. Nxa7 Ke6 33. Nc6 Rxa3 34. Rxa3 Nc3 35. Ra6 Kd5
36. Nb4+ 1-0

[Event "World Blitz Championship"]
[Site "Berlin GER"]
[Date "2015.10.13"]
[EventDate "2015.10.13"]
[Round "4.80"]
[Result "0-1"]
[White "Adel Choukri"]
[Black "Vidit Santosh Gujrathi"]
[WhiteElo "2199"]
[BlackElo "2651"]
[PlyCount "134"]

1. e4 e6 2. d4 d5 3. Nc3 Nf6 4. exd5 exd5 5. Bd3 c6 6. Nge2
Be7 7. O-O O-O 8. Bf4 Re8 9. Ng3 Bg4 10. f3 Be6 11. Kh1 Nbd7
12. Re1 Nf8 13. Nf5 Bxf5 14. Bxf5 g6 15. Bd3 Ne6 16. Be3 Bd6
17. Qd2 Nh5 18. Qf2 f5 19. Ne2 Qc7 20. g3 f4 21. gxf4 Nexf4
22. Nxf4 Bxf4 23. Bxf4 Qxf4 24. Rg1 Qf6 25. Rg4 Nf4 26. Bf1
Re7 27. Qg3 Rf8 28. c4 Qxd4 29. cxd5 cxd5 30. Rc1 Qxb2 31. Rd1
Qf6 32. Rg5 Re5 33. h4 b6 34. Rc1 Rxg5 35. hxg5 Qe5 36. Re1
Qd6 37. Bh3 Kg7 38. Re6 Qc7 39. Re1 d4 40. Qh2 h5 41. gxh6+
Kh7 42. Be6 d3 43. Bb3 Qd6 44. Qh4 Qf6 45. Re7+ Kh8 46. Qxf6+
Rxf6 47. Re8+ Kh7 48. Re7+ Kxh6 49. Rxa7 Rd6 50. Ra8 d2
51. Bd1 Nd3 52. Kg2 Nb2 53. Be2 d1=Q 54. Bxd1 Nxd1 55. a4 Ne3+
56. Kf2 Nf5 57. a5 bxa5 58. Rxa5 Kg5 59. Ra4 Rd2+ 60. Ke1 Rd4
61. Ra6 Rb4 62. Kf2 Rb2+ 63. Ke1 Nh4 64. Ra5+ Nf5 65. Ra4 Rb6
66. Rg4+ Kf6 67. Re4 Re6 0-1

[Event "World Blitz Championship"]
[Site "Berlin GER"]
[Date "2015.10.13"]
[EventDate "2015.10.13"]
[Round "5.67"]
[Result "0-1"]
[White "Vidit Santosh Gujrathi"]
[Black "Jean-Noel Riff"]
[WhiteElo "2651"]
[BlackElo "2499"]
[PlyCount "60"]

1. d4 Nf6 2. c4 e6 3. Nf3 Bb4+ 4. Nbd2 O-O 5. a3 Be7 6. e4 d6
7. Be2 e5 8. dxe5 dxe5 9. Nxe5 Re8 10. Nef3 Bc5 11. O-O Nc6
12. b4 Bd4 13. Rb1 Bc3 14. Rb3 Bxd2 15. Nxd2 Nd4 16. Rd3 Nxe2+
17. Qxe2 Qe7 18. f3 a5 19. b5 Be6 20. Bb2 Rad8 21. Rxd8 Rxd8
22. Qe3 Nd7 23. Qc3 f6 24. Qxa5 Nc5 25. Qb4 b6 26. Nb3 Rd3
27. Nxc5 bxc5 28. Qa4 Qd6 29. Qa8+ Kf7 30. Qc6 Bxc4 0-1

[Event "World Blitz Championship"]
[Site "Berlin GER"]
[Date "2015.10.13"]
[EventDate "2015.10.13"]
[Round "6.76"]
[Result "0-1"]
[White "Wojciech Przybylski"]
[Black "Vidit Santosh Gujrathi"]
[WhiteElo "2354"]
[BlackElo "2651"]
[PlyCount "76"]

1. e4 c5 2. Nf3 d6 3. Bb5+ Nc6 4. O-O Bd7 5. c3 Nf6 6. Qe2 a6
7. Ba4 g6 8. h3 Bg7 9. d3 O-O 10. Be3 b5 11. Bc2 Rc8 12. Nbd2
e5 13. a4 b4 14. Nc4 Be6 15. Bb3 h6 16. Nfd2 Nh5 17. f4 Ng3
18. Qf2 Nxf1 19. Rxf1 exf4 20. Bxf4 bxc3 21. bxc3 Bxc3
22. Bxh6 Bd4 23. Ne3 Ne5 24. Bxe6 fxe6 25. Bxf8 Qxf8 26. Qg3
Qh6 27. Re1 Nxd3 28. Re2 Nf4 29. Re1 Nh5 30. Qf2 Rf8 31. Nf3
Nf4 32. Kh2 Nd3 33. Qa2 Nxe1 34. Qxe6+ Kh8 35. Nxe1 Qxe3
36. Qxg6 Qg1+ 37. Kg3 Qxe1+ 38. Kg4 Rg8 0-1

[Event "World Blitz Championship"]
[Site "Berlin GER"]
[Date "2015.10.13"]
[EventDate "2015.10.13"]
[Round "8.74"]
[Result "1/2-1/2"]
[White "Martin Bruedigam"]
[Black "Vidit Santosh Gujrathi"]
[WhiteElo "2375"]
[BlackElo "2651"]
[PlyCount "93"]

1. e4 e6 2. d4 d5 3. exd5 exd5 4. Bd3 Nc6 5. c3 Bd6 6. Qf3
Nge7 7. Bf4 O-O 8. Ne2 Re8 9. O-O Be6 10. Nd2 Ng6 11. Bxd6
Qxd6 12. Rfe1 Re7 13. Qg3 Qxg3 14. hxg3 Rae8 15. Kf1 f6
16. Nf4 Nxf4 17. gxf4 Bd7 18. Rxe7 Nxe7 19. Re1 Kf7 20. f3 g6
21. Kf2 Bf5 22. Bf1 h5 23. Nb3 b6 24. Nc1 c5 25. dxc5 bxc5
26. Bd3 Rb8 27. Re2 Bd7 28. b3 Nf5 29. g4 hxg4 30. fxg4 Nd6
31. g5 fxg5 32. fxg5 Rh8 33. Re5 Bc6 34. Ne2 Nc8 35. b4 cxb4
36. cxb4 Ne7 37. Nd4 Bd7 38. Bb5 Bc8 39. Nc6 Nf5 40. Rxd5 Rh2+
41. Kg1 Rxa2 42. Rxf5+ Bxf5 43. Bc4+ Be6 44. Bxa2 Bxa2
45. Nxa7 Ke6 46. Nc6 Kf5 47. Ne7+ 1/2-1/2

[Event "World Blitz Championship"]
[Site "Berlin GER"]
[Date "2015.10.13"]
[EventDate "2015.10.13"]
[Round "9.75"]
[Result "1-0"]
[White "Vidit Santosh Gujrathi"]
[Black "Le Thao Nguyen Pham"]
[WhiteElo "2651"]
[BlackElo "2319"]
[PlyCount "75"]

1. d4 d5 2. c4 c6 3. Nf3 Nf6 4. Nc3 dxc4 5. a4 Bf5 6. Ne5 Na6
7. e3 Nb4 8. Bxc4 e6 9. O-O h6 10. Qe2 Be7 11. e4 Bh7 12. Rd1
O-O 13. Bf4 a5 14. f3 Re8 15. Rd2 Nh5 16. Be3 Bg5 17. g3 Bxe3+
18. Qxe3 Nf6 19. Rad1 Qb6 20. Bf1 Qc7 21. Nc4 Nd7 22. f4 Nb6
23. Ne5 Rad8 24. g4 f6 25. Nc4 Nxc4 26. Bxc4 Kh8 27. e5 Nd5
28. Bxd5 exd5 29. Re1 fxe5 30. dxe5 Qe7 31. f5 Qb4 32. Qd4 Qb3
33. e6 b6 34. f6 c5 35. fxg7+ Kg8 36. Qf6 Rd7 37. exd7 Rxe1+
38. Kf2 1-0

[Event "World Blitz Championship"]
[Site "Berlin GER"]
[Date "2015.10.13"]
[EventDate "2015.10.13"]
[Round "10.68"]
[Result "1/2-1/2"]
[White "Robert Rabiega"]
[Black "Vidit Santosh Gujrathi"]
[WhiteElo "2503"]
[BlackElo "2651"]
[PlyCount "147"]

1. e4 e6 2. d4 d5 3. Nc3 Nf6 4. Bd3 dxe4 5. Nxe4 Nbd7 6. Nf3
c5 7. O-O Nxe4 8. Bxe4 Nf6 9. Bd3 cxd4 10. Nxd4 Be7 11. Bf4
O-O 12. c3 Nd5 13. Bg3 a6 14. Qe2 Bd7 15. Rad1 Qb6 16. Rfe1
Rad8 17. h3 Ba4 18. Rc1 Bg5 19. Ra1 Bf6 20. Nf3 Bc6 21. Ne5
Bxe5 22. Bxe5 Ne7 23. Rad1 Ng6 24. Bg3 Qc5 25. h4 Qd5 26. f3
Qh5 27. Qf2 Rd7 28. Bxg6 Qxg6 29. Rxd7 Bxd7 30. Rd1 Bc6
31. Kh2 h6 32. Rd4 Qb1 33. a3 f6 34. Qd2 e5 35. Rd6 e4
36. fxe4 Qxe4 37. Rd4 Qe6 38. Rd6 Qf5 39. c4 Re8 40. b4 Kh7
41. Rd4 Re4 42. Rxe4 Qxe4 43. c5 h5 44. Bf4 Kg6 45. Qf2 Kf7
46. Bg3 Bd5 47. Qd2 Ke6 48. Qf2 Kd7 49. Qd2 Kc6 50. a4 Qc4
51. Qe1 Qe4 52. Qd2 Qc4 53. Qe1 Be4 54. Qd2 Qd5 55. Qf2 Kd7
56. Qe2 Ke6 57. Qf2 Kf7 58. Qe2 Bd3 59. Qe3 Qe4 60. Qxe4 Bxe4
61. b5 axb5 62. axb5 Ke6 63. c6 bxc6 64. bxc6 Bxc6 65. Bf4 Kf5
66. g3 Kg4 67. Bd2 Bd5 68. Be3 Kf3 69. Bd2 Kg4 70. Bb4 g5
71. hxg5 fxg5 72. Be7 Be4 73. Bd8 Bc6 74. Be7 1/2-1/2

[Event "World Blitz Championship"]
[Site "Berlin GER"]
[Date "2015.10.13"]
[EventDate "2015.10.13"]
[Round "11.62"]
[Result "1-0"]
[White "Vidit Santosh Gujrathi"]
[Black "Roland Schmaltz"]
[WhiteElo "2651"]
[BlackElo "2504"]
[PlyCount "89"]

1. d4 Nf6 2. c4 g6 3. Nc3 Bg7 4. e4 d6 5. f3 O-O 6. Be3 Nbd7
7. Bd3 a6 8. Nge2 c5 9. O-O b6 10. Qd2 cxd4 11. Nxd4 Bb7
12. Rac1 Re8 13. Rfd1 e6 14. Bg5 Qc7 15. Bf1 Bf8 16. a3 Rac8
17. b4 Be7 18. Nb3 Qb8 19. Bf4 Ne5 20. Na4 Nfd7 21. Be3 Bc6
22. Nb2 h5 23. a4 h4 24. h3 Ba8 25. Bg5 Bxg5 26. Qxg5 a5
27. f4 Nc6 28. b5 Nb4 29. f5 Bxe4 30. fxg6 Bxg6 31. Rd4 d5
32. Rxh4 Qe5 33. Qxe5 Nxe5 34. c5 Ned3 35. Nxd3 Nxd3 36. Bxd3
Bxd3 37. cxb6 Bc4 38. Nxa5 e5 39. Nc6 e4 40. b7 Rb8 41. Nxb8
Rxb8 42. Rxc4 dxc4 43. Rxe4 Rxb7 44. Rxc4 Rd7 45. Rb4 1-0

[Event "World Blitz Championship"]
[Site "Berlin GER"]
[Date "2015.10.14"]
[EventDate "2015.10.13"]
[Round "12.43"]
[Result "1-0"]
[White "Ian Nepomniachtchi"]
[Black "Vidit Santosh Gujrathi"]
[WhiteElo "2705"]
[BlackElo "2651"]
[PlyCount "137"]

1. c4 c5 2. Nf3 Nf6 3. Nc3 d5 4. cxd5 Nxd5 5. e3 Nxc3 6. bxc3
g6 7. Bb5+ Bd7 8. Be2 Bg7 9. d4 O-O 10. O-O Qa5 11. Qb3 Bc6
12. d5 Ba4 13. Qxb7 Nd7 14. Bd2 Rab8 15. Qa6 Qxa6 16. Bxa6 Nf6
17. Bc4 Rfd8 18. Rfb1 Rxb1+ 19. Rxb1 Nxd5 20. Bxd5 Rxd5
21. Rb8+ Bf8 22. h3 Rd7 23. e4 Kg7 24. Be3 Bc6 25. Bxc5 Bxe4
26. Ng5 Bd5 27. a4 h6 28. Nh7 Kxh7 29. Rxf8 f6 30. Re8 e6
31. f4 g5 32. g3 Rb7 33. Bd4 gxf4 34. gxf4 Kg6 35. Rf8 Rf7
36. Rh8 h5 37. Kf2 Bc6 38. a5 Bd5 39. Ke3 Bg2 40. h4 Bd5
41. Kf2 Bc6 42. c4 Rd7 43. Ke3 Re7 44. Rd8 Bg2 45. Rg8+ Rg7
46. Re8 Kf5 47. Rf8 Rg6 48. c5 Bd5 49. Be5 a6 50. Kd4 Rg2
51. Rxf6+ Kg4 52. Rg6+ Kxh4 53. f5 exf5 54. Bg3+ Kh3 55. Kxd5
f4 56. Bxf4 Rxg6 57. c6 Kg4 58. Be5 h4 59. c7 Rg8 60. Kd6 Kf5
61. Bh2 h3 62. Kd7 Rg7+ 63. Kc6 Rg8 64. Kb7 Ke6 65. c8=Q+ Rxc8
66. Kxc8 Ke7 67. Kb7 Kd7 68. Kxa6 Kc8 69. Kb6 1-0